01486nam a2200337 a 4500001001000000003000900010005001700019007000300036008004100039040003000080041000800110082002300118100004600141245009600187246008100283264003700364300002800401336002700429337003300456338002800489500003900517590002600556650004500582650004400627651005800671910000700729942001400736952013500750952024600885999001701131000013714DO-SdBNP20260602085425.0ta091127s1978 dr 001 0 spa d aDO-SdBNPbspacBNPHUerda hspa a398.961bC957c2221 aCruz Brache, José Antonioeautor93115610a5600 refranes y frases de uso común entre los dominicanos. /cJosé Antonio Cruz Brache.10aCinco mil seiscientos refranes y frases de uso común entre los dominicanos aSanto Domingo :bGalaxia,c1978. a304 páginas ;c23 cm. ardacontentbtexto2txt ardamediabsin mediación2n ardacarrierbvolumen2nc aBibliografía : páginas 309-311 aInventariado, 2025/DG 4aProverbios y refranes dominicanos918876 0aFolclorezRepública Dominicana933448 4aRepública DominicanaxVida social y costumbres9405 aDG 2ddccLBS1 00102ddc51708PDaBNPHUbBNPHUcCTd2009-11-27l0oBNPHU PD 398.961 C957cp13714-10r2020-06-25w2020-06-25yLBS1ZNo se presta 00102ddc51708PDaBNPHUbBNPHUcCTd2025-02-03eDonado por la Presidencia de la República Dominicana 2023l0oBNPHU PD 398.961 C957cp2025-0668r2025-02-03te.2w2025-02-03yLBS1zPertenecio a la biblioteca de René Rodríguez Soriano c13327d13327